Queremos informarle de que mañana seremos asesinados junto con nuestras familias (Record no. 15549)
[ view plain ]
| 000 -LEADER | |
|---|---|
| campo de control de longitud fija | 00844nam a2200253 i 4500 |
| 001 - NÚMERO DE CONTROL | |
| campo de control | 15549 |
| 003 - IDENTIFICADOR DE NÚMERO DE CONTROL | |
| campo de control | ES-MaACL |
| 005 - FECHA Y HORA DE LA ÚLTIMA TRANSACCIÓN | |
| campo de control | 20251114121101.0 |
| 007 - CAMPO FIJO DE DESCRIPCIÓN FÍSICA--INFORMACIÓN GENERAL | |
| campo de control de longitud fija | t| |
| 008 - DATOS DE LONGITUD FIJA--INFORMACIÓN GENERAL | |
| campo de control de longitud fija | 000330s1999 sp ||||1| spa d |
| 020 ## - NÚMERO INTERNACIONAL ESTÁNDAR DEL LIBRO | |
| Número Internacional Estándar del Libro | 84-233-3178-4 |
| 080 ## - NÚMERO DE LA CLASIFICACIÓN DECIMAL UNIVERSAL | |
| Número de la Clasificación Decimal Universal | 94(675.98)"1994" |
| 100 1# - ENTRADA PRINCIPAL--NOMBRE DE PERSONA | |
| Nombre de persona | Gourevitch, Philip. |
| 9 (RLIN) | 59358 |
| 245 10 - MENCIÓN DEL TÍTULO | |
| Título | Queremos informarle de que mañana seremos asesinados junto con nuestras familias |
| Resto del título | : historias de Ruanda / |
| Mención de responsabilidad, etc. | Philip Gourevitch ; traducción de Marita Osés. |
| 250 ## - MENCION DE EDICION | |
| Mención de edición | 1ª ed. |
| 260 ## - PUBLICACIÓN, DISTRIBUCIÓN, ETC. | |
| Lugar de publicación, distribución, etc. | Barcelona : |
| Nombre del editor, distribuidor, etc. | Destino, |
| Fecha de publicación, distribución, etc. | 1999. |
| 300 ## - DESCRIPCIÓN FÍSICA | |
| Extensión | 404 p. ; |
| Dimensiones | 23 cm. |
| 490 1# - MENCIÓN DE SERIE | |
| Mención de serie | Ancora y delfín ; |
| Designación de volumen o secuencia | 873 |
| 651 #7 - PUNTO DE ACCESO ADICIONAL DE MATERIA--NOMBRE GEOGRÁFICO | |
| Nombre geográfico | Ruanda- |
| Subdivisión general | Historia- |
| Subdivisión cronológica | 1994, Guerra Civil- |
| Subdivisión general | Atrocidades |
| Fuente del encabezamiento o término | |
| 9 (RLIN) | 155370 |
| 700 1# - ENTRADA AGREGADA--NOMBRE PERSONAL | |
| Nombre de persona | Osés, Marita. |
| 9 (RLIN) | 87743 |
| 830 00 - PUNTO DE ACCESO ADICIONAL DE SERIE-TÍTULO UNIFORME | |
| Título uniforme | Áncora y Delfín |
| Designación de volumen o secuencia | 873 |
| 9 (RLIN) | 151298 |
| 852 ## - LOCALIZACIÓN | |
| Ubicación | ES-MaACL |
| Número de control de estantería | L-22765 |
| Estatus retirado | Estado de pérdida | Estado de daño | No para préstamo | Biblioteca de origen | Biblioteca actual | Ubicación en estantería | Fecha de adquisición | Fuente de adquisición | Total de préstamos | Signatura topográfica completa | Código de barras | Visto por última vez | Precio de reemplazo | Tipo de ítem Koha |
|---|---|---|---|---|---|---|---|---|---|---|---|---|---|---|
| Biblioteca del Ateneo de Madrid | Biblioteca del Ateneo de Madrid | Depósito 2 | 17/01/2008 | L-22765 | 1015807 | 23/02/2023 | 23/02/2023 | Libro impreso |
